| 000 | 00830nam a2200277Ia 4500 | ||
|---|---|---|---|
| 003 | OSt | ||
| 005 | 20250730151844.0 | ||
| 008 | 210210b2009 xxu||||| |||| 00| 0 eng d | ||
| 020 | _a8184671199 | ||
| 040 | _cAL | ||
| 041 | _aKannada | ||
| 082 | _aK894.9 PRAC | ||
| 100 |
_aPRADHAN GURUDATTA Ed _dಪ್ರಧಾನ್ ಗುರುದತ್ತ _9181055 |
||
| 245 |
_aChennavira Kanavi _bಚೆನ್ನವೀರ ಕಣವಿ |
||
| 260 |
_aBengaluru _bNavakaranataka Prakashana _c2009 |
||
| 300 | _a120 | ||
| 650 |
_aKapase _9181056 |
||
| 650 |
_aKanavi _9181057 |
||
| 650 |
_aGurulinga _9181058 |
||
| 650 |
_aChennavira _9181059 |
||
| 650 |
_aby _9181060 |
||
| 690 |
_aKannada Criticism _9181061 |
||
| 700 |
_aGurulinga Kapase _dಗುರುಲಿಂಗ ಕಾಪಸೆ _9181062 |
||
| 906 | _a065212 | ||
| 942 |
_2ddc _cBK |
||
| 999 |
_c142196 _d142196 |
||